[Event "MCR mladeze 2019 - H12"]
[Site "Kouty nad Desnou"]
[Date "2019.03.11"]
[Round "3"]
[White "Prazak, Daniel"]
[Black "Hladky, Tadeas"]
[Result "0-1"]
[WhiteElo "1547"]
[BlackElo "1700"]
[EventDate "2019.03.09"]

1. e4  e5  2. Nf3  Nc6
3. Bb5  Nf6  4. O-O
Nxe4  5. d4  Nd6
6. dxe5  Nxb5  7. a4
d6  8. e6  Bxe6
9. axb5  Ne7  10. Nd4  Nf5
11. Nxf5  Bxf5  12. Re1+
Be6  13. f4  Be7
14. Qe2  Kf8  15. Qf3
Qc8  16. Bd2  Bf6
17. Bc3  Bxc3  18. Nxc3
h6  19. Ra3  a6
20. Rea1  Kg8  21. bxa6  Rxa6
22. Rxa6  bxa6  23. Qc6
Kh7  24. Qxa6  Qxa6
25. Rxa6  Rb8  26. Na4
Kg6  27. b3  Kf5
28. g3  Rb7  29. Nc3
g5  30. Ra5+  Kg6
31. fxg5  hxg5  32. Kg2
f6  33. h3  f5
34. Nd5  Bxd5+  35. Rxd5  Ra7
36. Kf3  Ra2  37. Rd2
Ra1  38. g4  f4
39. Rh2  Rg1  40. Ke4  c6
41. Kf3  d5  42. b4
Rb1  43. c3  Rc1
44. Rb2  Rxc3+  45. Kg2
d4  46. b5  cxb5
47. Rxb5  Rg3+  48. Kh2
d3  49. Rb8  Kf6
50. Re8  Re3  51. Rd8
Ke5  52. Re8+  Kd4
53. Rd8+  Ke4  54. Kg2
Rg3+  55. Kh2  Ke3
56. Re8+  Kf2  57. Rd8
Ke2  0-1

[Event "MCR mladeze 2019 - H12"]
[Site "Kouty nad Desnou"]
[Date "2019.03.11"]
[Round "3"]
[White "Dolensky, Filip"]
[Black "Fizer, Marek"]
[Result "0-1"]
[WhiteElo "1698"]
[BlackElo "1628"]
[EventDate "2019.03.09"]

1. e4  c5  2. Nc3  e6
3. f4  d5  4. Bb5+
Bd7  5. exd5  Bxb5
6. Nxb5  exd5  7. Qe2+
Be7  8. Qe5  Nc6
9. Qxg7  Bf6  10. Qg4
a6  11. Nc3  Nge7
12. Nge2  Rg8  13. Qf3
Qd7  14. a3  O-O-O
15. d3  Nf5  16. Na4
Kb8  17. Nxc5  Qe7
18. Nxa6+  bxa6  19. c3
Nh4  20. Qf2  Rxg2
21. Qb6+  Qb7  22. Qc5
Re8  23. Be3  Nf5
24. Bf2  Qxb2  25. Kf1
Qxe2+  26. Kxg2  Rg8+
0-1

[Event "MCR mladeze 2019 - H12"]
[Site "Kouty nad Desnou"]
[Date "2019.03.11"]
[Round "3"]
[White "Pressler, Tobias"]
[Black "Smolik, Jachym"]
[Result "0-1"]
[WhiteElo "1509"]
[BlackElo "1698"]
[EventDate "2019.03.09"]

1. e4  c5  2. Nf3  Nc6
3. Bb5  e6  4. O-O
Nge7  5. c3  a6
6. Ba4  b5  7. Bc2  d5
8. exd5  Nxd5  9. d4
Bb7  10. Re1  cxd4
11. Nxd4  Be7  12. Qg4
Nf6  13. Nxc6  Bxc6
14. Qg3  Bd6  15. Qh3
Qc7  16. Bg5  h6
17. Bh4  O-O-O  18. Bg3
g5  19. Bxd6  Qxd6
20. Na3  Nd5  21. Be4
f5  22. Bxd5  Qxd5
23. Qf3  Qxf3  24. gxf3
Rhe8  25. Kg2  g4
26. Kg3  Rd3  27. Re3
Rxe3  28. fxe3  Bxf3
29. Nc2  e5  30. Nb4
Rd8  31. Rc1  a5
32. Nc2  Rd2  33. h3
Rg2+  34. Kh4  Rh2
35. Kg3  Rxh3+  36. Kf2
Rh2+  37. Kg3  Rg2+
38. Kh4  Be4  39. Na3
Rxb2  40. c4  b4
41. c5  bxa3  0-1

[Event "MCR mladeze 2019 - H12"]
[Site "Kouty nad Desnou"]
[Date "2019.03.11"]
[Round "3"]
[White "Vasinek, Martin"]
[Black "Simunek, Jakub Simon"]
[Result "1-0"]
[WhiteElo "1406"]
[BlackElo "1529"]
[EventDate "2019.03.09"]

1. d4  d5  2. c4  e6
3. e3  Nf6  4. Nf3
Be7  5. Bd3  a6
6. O-O  dxc4  7. Bxc4  b5
8. Be2  O-O  9. b3
c5  10. Bb2  cxd4
11. Nxd4  Bb7  12. Nd2
Nbd7  13. N2f3  Nb6
14. Rc1  Rc8  15. Ne5
Rxc1  16. Qxc1  Qd6
17. Ndc6  Rc8  18. Nxe7+
Qxe7  19. Qb1  Nfd5
20. Rc1  Rd8  21. Bd4
Nd7  22. Nc6  Qg5
23. f4  Nxf4  24. exf4
Qxf4  25. Nxd8  Qxd4+
26. Kh1  Be4  27. Qa1
Qf2  28. Bf1  Nf6
29. Rc8  h6  30. Nxe6+
1-0

[Event "MCR mladeze 2019 - H12"]
[Site "Kouty nad Desnou"]
[Date "2019.03.11"]
[Round "3"]
[White "Kubin, Tomas Daniel"]
[Black "Matusik, Ondrej"]
[Result "1-0"]
[WhiteElo "1415"]
[BlackElo "1417"]
[EventDate "2019.03.09"]

1. e4  c5  2. Nf3  Nc6
3. d4  cxd4  4. Nxd4 Nf6
5. Nc3  e6  6. Nxc6
bxc6  7. e5  Nd5
8. Ne4  Qa5+  9. Bd2
Qb6  10. c4  Qd4
11. Nd6+  Bxd6  12. exd6
Nf6  13. Bc3  Qf4
14. Qd2  Qxd2+  15. Bxd2
O-O  16. c5  Ne4
17. Be3  a5  18. f3
Nf6  19. a3  Ba6
20. Bxa6  Rxa6  21. g3
Nd5  22. Bf2  Rb8
23. O-O-O  Ra7  24. Rd2
Rab7  25. Re1  Rb3
26. f4  R3b5  27. Rc2
Rc8  28. Rce2  Rcb8
29. Bd4  Rb3  30. f5
Rf3  31. fxe6 fxe6  32. Rf2
Rxf2  33. Bxf2  Nf6
34. Bd4  h6  35. Kc2
Kf7  36. h3  a4
37. Re3  Kg8  38. b3  axb3+
39. Rxb3  Ra8  40. Kb2
Re8  41. Bxf6  gxf6
42. Rb7  Rd8  43. a4
Kf8  44. a5  Ke8
45. a6  Ra8  46. a7
Kf7  47. Rxd7+  Kg6
48. Rb7  e5  49. d7
1-0

[Event "MCR mladeze 2019 - H12"]
[Site "Kouty nad Desnou"]
[Date "2019.03.11"]
[Round "3"]
[White "Kanak, Matyas"]
[Black "Vilimek, Vit"]
[Result "1-0"]
[WhiteElo "1425"]
[BlackElo "1469"]
[EventDate "2019.03.09"]

1. e4  c5  2. Nf3  Nc6
3. d4  cxd4  4. Nxd4
Nf6  5. Nc3  e5
6. Ndb5  d6  7. Bg5  a6
8. Na3  b5  9. Nd5
Be7  10. Bxf6  Bxf6
11. c3  Bg5  12. Nc2
O-O  13. a4  bxa4
14. Rxa4  g6  15. Bc4
Kh8  16. Qe2  a5
17. O-O  f5  18. exf5
gxf5  19. Qh5  Ra7
20. Rd1  Rg7  21. b4
Rfg8  22. Nde3  Rf8
23. Bd5  Bd7  24. Bxc6
Bxc6  25. Rxa5  Qc7
26. Ra3  Bxe3  27. Nxe3
Bxg2  28. Nxg2  Rfg8
29. Qf3  Qc4  30. Ra8
e4  31. Rxg8+  Qxg8
32. Qh3  f4  33. Kh1
Qb3  34. Ra1  f3
35. Ra8+  Rg8  36. Rxg8+
Kxg8  37. Qc8+  Kg7
38. Qd7+  Kg8  39. Qe8+
Kg7  40. Qe7+  Kg8
41. Ne1  Qb1  42. Qg5+
Kh8  43. Qe3  Kg8
44. Qd2  Kf7  45. c4
Ke6  46. c5  d5
47. c6  Kd6  48. c7  Kxc7
49. Qc2+  Qxc2  50. Nxc2
Kd6  51. Kg1  Kc6
52. Nd4+  Kb6  53. b5
Kc5  54. Kf1  Kb6
55. Ke1  Kc5  56. Kd2
Kb6  57. Ke3  Kc5
58. h3  h6  59. h4
Kb6  60. Nf5  h5
61. Kd4  Kxb5  62. Kxd5
e3  63. Nxe3  Kb6
64. Nf5  Kc7  65. Ng3
Kd7  66. Nxh5  Ke7
67. Nf4  Kf6  68. h5
Kg5  69. Ke4  Kh6
70. Kxf3  Kg5  71. Kg3
Kh6  72. Kg4  Kg7
73. Kg5  Kh7  74. h6
Kh8  75. Kg6  Kg8
76. Ne6  Kh8  77. f4
Kg8  78. f5  Kh8
79. f6  1-0

[Event "MCR mladeze 2019 - H12"]
[Site "Kouty nad Desnou"]
[Date "2019.03.11"]
[Round "3"]
[White "Tajovsky, Simon"]
[Black "Kopecky, Matej"]
[Result "1/2-1/2"]
[WhiteElo "1453"]
[BlackElo "1321"]
[EventDate "2019.03.09"]

1. d4  d5  2. c4  e6
3. Nc3  Nf6  4. Nf3
Be7  5. Bf4  O-O
6. e3  Nbd7  7. cxd5
exd5  8. Bd3  c6
9. O-O  Nh5  10. Bxh7+
Kxh7  11. Ng5+  Bxg5
12. Qxh5+  Bh6  13. Bxh6
gxh6  14. Qf5+  Kh8
15. e4 Qf6  16. Qh5  Nb6
17. e5  Qg6  18. Qf3
Qf5  19. Qe3  Qg6
20. f4  Rg8  21. g3
Nc4  22. Qf2  Bh3
23. Rfe1  Rae8  24. b3
Nb6  25. Nb1  Nd7
26. Nd2  Rgf8  27. Nf3
f6  28. Nh4  Qg7
29. f5  1/2-1/2

[Event "MCR mladeze 2019 - H14"]
[Site "Kouty nad Desnou"]
[Date "2019.03.11"]
[Round "3"]
[White "Jun, Rudolf"]
[Black "Mach, Petr"]
[Result "1/2-1/2"]
[WhiteElo "2033"]
[BlackElo "1974"]
[EventDate "2019.03.09"]

1. e4  c5  2. b4  cxb4
3. a3  bxa3  4. Bxa3
d6  5. d4  Nf6
6. Bd3  Nc6  7. c3  g6
8. f4  Bg7  9. Nf3
O-O  10. O-O  Re8
11. Kh1  Qc7  12. Nbd2
a6  13. Rc1  b5
14. c4  b4  15. Bb2  Nd7
16. e5  a5  17. d5
Nc5  18. Ne4  Nb8
19. Nxc5  dxc5  20. Bc2
Bd7  21. f5  Rf8
22. f6  exf6  23. exf6
Bh6  24. Ra1  Re8
25. d6  Qb7  26. Bc1
Bf8  27. Nh4  Bc6
28. Qg4  Be4  29. Ba4
Bc6  30. Bc2  Be4
31. Ba4  Bc6 1/2-1/2

[Event "MCR mladeze 2019 - H14"]
[Site "Kouty nad Desnou"]
[Date "2019.03.11"]
[Round "3"]
[White "Kusa, Jakub"]
[Black "Babula, Vlastimil"]
[Result "1/2-1/2"]
[WhiteElo "1912"]
[BlackElo "2040"]
[EventDate "2019.03.09"]

1. e4  c5  2. Nf3  Nc6
3. Nc3  Nf6  4. g3
g6  5. Bg2  Bg7
6. O-O  O-O  7. d3  d5
8. exd5  Nxd5  9. Bd2
e6  10. Re1  Nxc3
11. Bxc3  Nd4  12. Qd2
Re8  13. Nxd4  cxd4
14. Ba5  Qd7  15. c3
Rb8  16. cxd4  b6
17. Bc3  Bxd4  18. Rac1
Bb7  19. Bxb7  Rxb7
20. Bxd4  Qxd4  21. Rc4
Qd5  22. Rec1  Rd7
23. Rc8  Red8  24. b3
Qb7  1/2-1/2

[Event "MCR mladeze 2019 - H14"]
[Site "Kouty nad Desnou"]
[Date "2019.03.11"]
[Round "3"]
[White "Vojta, Jakub"]
[Black "Dudek, Vojtech"]
[Result "1/2-1/2"]
[WhiteElo "2125"]
[BlackElo "2025"]
[EventDate "2019.03.09"]

1. e4  c6  2. d4  d5
3. exd5  cxd5  4. Bd3
Nc6  5. c3  Nf6
6. Bf4  Bg4  7. Qb3  Qd7
8. Nd2  e6  9. Ngf3
a6  10. Qa4  Be7
11. Bb5  Rc8  12. Bxc6
Qxc6  13. Qxc6+  bxc6
1/2-1/2

[Event "MCR mladeze 2019 - H14"]
[Site "Kouty nad Desnou"]
[Date "2019.03.11"]
[Round "3"]
[White "Gnojek, Petr"]
[Black "Hrbek, Stepan"]
[Result "1/2-1/2"]
[WhiteElo "2147"]
[BlackElo "1994"]
[EventDate "2019.03.09"]

1. d4  d5  2. c4  c6
3. Nc3  Nf6  4. e3
e6  5. Nf3  Nbd7
6. Qc2  Bd6  7. Be2
O-O  8. O-O  Qe7
9. e4  dxe4  10. Nxe4
Nxe4  11. Qxe4  f5
12. Qc2  Nf6  13. Ne5
c5  14. Be3  Qc7
15. f4  cxd4  16. Bxd4
b6  17. Rac1  Ne4
18. Bf3  Bb7  19. c5
Bxc5  20. Bxc5  Qxc5+
21. Qxc5  Nxc5  22. Bxb7
Nxb7  23. Rc7  Nc5
24. b4  Na6  25. Rc4
b5  26. Rd4  Nc7
27. Rc1  Nd5  28. Re1
Rfc8  29. Nf3  Rc4
30. Rxe6  Nxf4  31. Re7
Rxd4  32. Nxd4  Nd5
33. Rd7  Nxb4  34. a3
Na2  35. Nxf5  g6
36. Nh6+  Kh8  37. Nf7+
Kg8  38. Ng5  a5
39. Nxh7  b4  40. Nf6+
1/2-1/2

[Event "MCR mladeze 2019 - H14"]
[Site "Kouty nad Desnou"]
[Date "2019.03.11"]
[Round "3"]
[White "Nguyen, Thai Dai Vinh"]
[Black "Stalmach, Richard"]
[Result "0-1"]
[WhiteElo "1936"]
[BlackElo "2117"]
[EventDate "2019.03.09"]

1. e4  c5  2. Nf3  Nc6
3. d4  cxd4  4. Nxd4
e5  5. Nb5  d6
6. N1c3  a6  7. Na3  Be7
8. Nd5  Nf6  9. Nxf6+
Bxf6  10. Nc4  O-O
11. Be3  b5  12. Nb6
Rb8  13. Nxc8  Rxc8
14. g3  d5  15. Bh3
Qa5+  16. c3  d4
17. Bxc8  dxe3  18. Bg4
Rd8  19. Qc1  Bg5
20. f4  exf4  21. gxf4
Bxf4  22. O-O  Qc7
23. Rd1  Ne5  24. Rxd8+
Qxd8  25. Bh3  Qh4
26. Qf1  e2  27. Qf2
Bxh2+  28. Kg2  Qxe4+
29. Kxh2  Nf3+  30. Kg3
e1=Q  31. Rxe1  Nxe1
32. Qf5  Qe3+  33. Kg4
Qe2+  34. Kh4  Qc4+
35. Bg4  Ng2+  36. Kg3
Ne3  37. Qc8+  Qxc8
38. Bxc8  a5  39. Ba6
b4  40. cxb4  axb4
41. a4  bxa3  42. bxa3
Nc2  43. a4  Nd4
44. Bb7  Nb3  45. Bd5
Na5  46. Kf4  Kf8
47. Ke5  Ke7  48. Kd4
f5  49. Ke5  g6
50. Bg8  h5  51. Bd5  h4
52. Bh1  Nc4+  53. Kd4
Na5  54. Ke5  Nc4+
55. Kd4  Nd2  56. Ke5
Ne4  57. Bg2  Kd7
58. Bf1  Kc7  59. a5
Ng3  60. Bg2  g5
61. Bd5  h3  62. a6
Kb6  63. Kf6  g4
0-1

[Event "MCR mladeze 2019 - H14"]
[Site "Kouty nad Desnou"]
[Date "2019.03.11"]
[Round "3"]
[White "Frank, Adam"]
[Black "Petricek, Lukas"]
[Result "1/2-1/2"]
[WhiteElo "2087"]
[BlackElo "1879"]
[EventDate "2019.03.09"]

1. e4  c5  2. Nf3  Nc6
3. d4  cxd4  4. Nxd4
g6  5. Nc3  Bg7
6. Be3  Nf6  7. Nxc6  bxc6
8. e5  Nd5  9. Nxd5
cxd5  10. Qxd5  Rb8
11. O-O-O  Qc7  12. f4
O-O  13. Qc5  Qb7
14. Bd4  d6  15. exd6
Bf5  16. dxe7  Rfc8
17. e8=Q+  Rxe8  18. Bxg7
Rec8  19. Rd8+  Rxd8
20. Bc3  Rbc8  21. Qe5
Rxc3  22. Qxc3  Rc8
23. Bc4  Qxg2  1/2-1/2

[Event "MCR mladeze 2019 - H14"]
[Site "Kouty nad Desnou"]
[Date "2019.03.11"]
[Round "3"]
[White "Neumann, Filip"]
[Black "Vantuch, Lucian"]
[Result "1-0"]
[WhiteElo "1897"]
[BlackElo "1978"]
[EventDate "2019.03.09"]

1. e4  c5  2. Nf3  e6
3. c3  Nf6  4. e5
Nd5  5. d4  cxd4 6. cxd4
d6  7. Bc4  Nb6
8. Bb3  Nc6  9. O-O  d5
10. Nc3  Be7  11. a3
O-O  12. Bc2  Nd7
13. Qd3  f5  14. g3
a6  15. h4  b5
16. Ne2  Nb6  17. Kg2  Bd7
18. Nf4  Rc8  19. Rh1
Qc7  20. Qd1  a5
21. Bb3  a4  22. Ba2
Na5  23. Ng5  Bxg5
24. hxg5  g6  25. Rh6
Rf7  26. Qh1  Rg7
27. Bd2  Nac4  28. Bc3
Nxa3  29. Bb4  Nac4
30. Nd3  Bc6  31. Qe1
Qf7  32. f4  Nd7
33. Kf2  Nb8  34. Bc3
Na6  35. b3  axb3
36. Bxb3  Qb7  37. Rh1
Rb8  38. Nb4  Nxb4
39. Bxb4  Rd7  40. Bc5
Ra8  41. Rxa8+  Qxa8
42. Qc3  Rb7  43. Ra1
Qb8  44. Ra2  b4
45. Qc1  Na3  46. Bd6
Qe8  47. Bxb4  Rxb4
48. Rxa3  Rxd4  49. Qc3
Re4  50. Qc5  Bb5
51. Bxd5  exd5  52. Qxd5+
Qf7  53. Qxb5  Qc7
54. Qd3  Rc4  55. Qb3
Kg7  56. Ra2  Rc1
57. Qe3  Rc5  58. Rd2
Qe7  59. Qd4  Rc7
60. e6+  Kg8  61. Qf6
Qc5+  62. Kg2  Rc8
63. Rd8+  Rxd8  64. Qxd8+
Kg7  65. Qf6+  Kg8
66. Qf7+  Kh8  67. e7
Qc6+  68. Kh2  Qc2+
69. Kh3  1-0

[Event "MCR mladeze 2019 - H14"]
[Site "Kouty nad Desnou"]
[Date "2019.03.11"]
[Round "3"]
[White "Jares, Michal"]
[Black "Prochazka, Vojtech"]
[Result "1-0"]
[WhiteElo "1950"]
[BlackElo "1686"]
[EventDate "2019.03.09"]

1. d4  d5  2. Nf3  Nf6
3. g3  c5  4. Bg2
cxd4  5. Nxd4  e5
6. Nb3  Nc6  7. O-O
Be6  8. Bg5  Be7
9. Bxf6  Bxf6  10. c4
d4  11. Nc5  Bc8
12. Nd2  O-O  13. a3
Qc7  14. b4  Be7
15. Nd3  Be6  16. Bd5 Bh3
17. Nb3  Bxf1  18. Qxf1
Rac8  19. b5  Nd8
20. Qg2  Rb8  21. Qe4
Bf6  22. Qf5  Ne6
23. h4  Rfd8  24. Bxe6
fxe6  25. Qxe6+  Qf7
26. Qxf7+  Kxf7  27. Nbc5
Re8  28. Ne4  Ke7
29. Nb4  Rbc8  30. c5
Red8  31. a4  Ke6
32. a5  Be7  33. Rc1
b6  34. axb6  axb6
35. Nc6  Rxc6  36. bxc6
bxc5  37. Nxc5+  Bxc5
38. Rxc5  Kd6  39. Rb5
Rc8  40. Rb7  Rc7
41. Kg2  Rxc6  42. Rxg7
Kd5  43. Rxh7  Rc2
44. h5  Rxe2  45. h6
e4  46. Rd7+  Kc5
47. h7  e3  48. h8=Q
Rxf2+  49. Kg1  Rd2
50. Qe5+  Kc4  51. Qe6+
Kd3  52. Qf5+  Ke2
53. Qf1#  1-0

[Event "MCR mladeze 2019 - H14"]
[Site "Kouty nad Desnou"]
[Date "2019.03.11"]
[Round "3"]
[White "Ret, Adam Josef"]
[Black "Nezval, Filip"]
[Result "1/2-1/2"]
[WhiteElo "1888"]
[BlackElo "1847"]
[EventDate "2019.03.09"]

1. d4  Nf6  2. c4  c5
3. e3 cxd4  4. exd4  d5
5. Nc3  e6  6. Nf3
Bb4  7. Bd2  O-O
8. a3  Bxc3  9. Bxc3
b6  10. b3  Nc6
11. Bd3  dxc4  12. bxc4  Ne7
13. O-O  Ng6  14. Re1
Bb7  15. a4  Nf4
16. Bf1 Ne4  17. Bb4  Re8
18. g3  Ng6  19. Bg2
Nf6  20. a5  Qc7
21. Qb3  Rac8  22. Rec1
Red8  23. axb6  axb6
24. Qb2  Ra8  25. c5
Nd5  26. Rxa8 Rxa8  27. Bd2
bxc5  28. Rxc5  Qd7
29. Ne5  Nxe5  30. dxe5
Rc8  31. Rxc8+  Qxc8
32. Qc1  Qa8  33. Qf1
1/2-1/2

[Event "MCR mladeze 2019 - H14"]
[Site "Kouty nad Desnou"]
[Date "2019.03.11"]
[Round "3"]
[White "Skypala, Ondrej"]
[Black "Rokos, Filip"]
[Result "1/2-1/2"]
[WhiteElo "2013"]
[BlackElo "1848"]
[EventDate "2019.03.09"]

1. c4  e5  2. Nc3  Nc6
3. g3  f5  4. Bg2
Nf6  5. d3  Bb4
6. Bd2  O-O  7. e3  d6
8. Nge2  Be6  9. Nd5
Bxd2+  10. Qxd2  Rb8
11. Nec3  Ne7  12. Nxf6+
Rxf6  13. Nd5  Rf7
14. Qa5  c6  15. Qxd8+
Rxd8  16. Nxe7+  Rxe7
17. Rc1  d5  18. cxd5
Bxd5  19. Bxd5+  Rxd5
20. Ke2  Kf7  21. Rhd1
Red7  22. Rc4  c5
23. b3  b5  24. Rcc1
Ke6  25. f3  Rc7
1/2-1/2

[Event "MCR mladeze 2019 - H14"]
[Site "Kouty nad Desnou"]
[Date "2019.03.11"]
[Round "3"]
[White "Flajsman, Petr"]
[Black "Hlavina, Matous"]
[Result "1/2-1/2"]
[WhiteElo "1826"]
[BlackElo "1985"]
[EventDate "2019.03.09"]

1. d4  Nf6  2. g3  g6
3. Bg2  d5  4. Nf3
Bg7  5. O-O  O-O
6. e3  c5  7. b3
Nc6  8. Bb2  Ne4
9. Nbd2  Bg4  10. h3
Nxd2  11. Qxd2  Bf5
12. Nh4  Be6  13. Rfd1
Qd7  14. Kh2  Rfd8
15. Nf3  Qc7  16. c3
Qa5  17. Ng5  Bf5
18. g4  Bc8  19. f4
f6  20. Nf3  e5
21. c4  Qxd2  22. Rxd2  dxc4
23. dxe5  Rxd2  24. Nxd2
fxe5  25. Bxc6  bxc6 26. Nxc4
exf4 27. exf4 1/2-1/2

[Event "MCR mladeze 2019 - H14"]
[Site "Kouty nad Desnou"]
[Date "2019.03.11"]
[Round "3"]
[White "Vylicil, Adam"]
[Black "Sedy, Matej"]
[Result "1-0"]
[WhiteElo "1468"]
[BlackElo "1367"]
[EventDate "2019.03.09"]

1. d4  Nf6  2. Nf3  b6
3. Bf4  Bb7  4. e3
g6  5. Nbd2  Bg7
6. Bd3  d6  7. Qe2
Nbd7  8. c3  O-O
9. e4  e5  10. dxe5
dxe5  11. Be3  Re8
12. h3  Nc5  13. Bxc5
bxc5  14. O-O  Nh5
15. g3  Qd7  16. Bc4
Bh6  17. Kg2  Rad8
18. Nb3  Bc8  19. Ng1
Kh8  20. Nxc5  Qe7
21. b4  Qg5  22. Qf3
f5  23. h4  Qe7
24. Bd3  fxe4  25. Bxe4  Rf8
26. Qe2  Rd2  27. Qe1
Bg4  28. Bf3  Bxf3+
29. Nxf3  Rd5  30. c4
Qf6  31. Qe4  Rxc5
32. bxc5  Bg7  33. Rfe1
Qf7  34. Re2  Re8
35. Rd1  Nf6  36. Qc2
e4  37. Nd2  Qe7
38. Nb3  Ng4  39. Rde1
e3  40. f3  Nf6
41. Rxe3  Qd7  42. Rxe8+  Nxe8
43. Qe4  Nf6  44. Qe7
Qc8  45. Rd1 1-0

[Event "MCR mladeze 2019 - H16"]
[Site "Kouty nad Desnou"]
[Date "2019.03.11"]
[Round "3"]
[White "Placer, Sebastian"]
[Black "Mica, Marek"]
[Result "0-1"]
[WhiteElo "1947"]
[BlackElo "2240"]
[EventDate "2019.03.09"]

1. c4  Nf6  2. Nc3  e6
3. e4  d5  4. e5
d4  5. exf6  dxc3
6. bxc3  Qxf6  7. d4
Bd6  8. Nf3  h6
9. Bd3  O-O  10. O-O  Nd7
11. Re1  c6  12. Nd2
Qe7  13. Ne4  Bc7
14. Ng3  Bxg3  15. hxg3
Nf6  16. Qa4  c5
17. Qa3  Rd8  18. Be2
b6  19. dxc5  bxc5
20. Be3  Ne4  21. Bf3
Bb7  22. Bxe4  Bxe4
23. Bxc5  Qb7  24. f3
Bd3  25. Rad1  Qc7
26. Kf2  Bxc4  27. Bd4
Rd5  28. Qb2  Rb8
29. Qc2  Ra5  30. Ra1
Rbb5  31. Reb1  Qb8
0-1

[Event "MCR mladeze 2019 - H16"]
[Site "Kouty nad Desnou"]
[Date "2019.03.11"]
[Round "3"]
[White "Szotkowski, David"]
[Black "Nemec, David"]
[Result "1/2-1/2"]
[WhiteElo "1709"]
[BlackElo "1895"]
[EventDate "2019.03.09"]

1. d4  Nf6  2. c4  e6
3. g3  d5  4. Bg2
c6  5. Nf3  Bd6
6. O-O  O-O  7. Qc2  Nbd7
8. Nbd2  Re8  9. e4
dxe4  10. Ng5  e5
11. Ngxe4  Bc7  12. dxe5
Bxe5  13. Rd1  Qe7
14. Nxf6+  Bxf6  15. Ne4
Nc5  16. Nxf6+  Qxf6
17. Be3  Bf5  1/2-1/2

[Event "MCR mladeze 2019 - H16"]
[Site "Kouty nad Desnou"]
[Date "2019.03.11"]
[Round "3"]
[White "Stinka, Jakub"]
[Black "Martirosyan, Ara"]
[Result "1/2-1/2"]
[WhiteElo "2196"]
[BlackElo "1885"]
[EventDate "2019.03.09"]

1. d4 Nf6  2. c4  e6  3. Nc3
Bb4  4. Qc2  O-O
5. e4  d5  6. e5
Ne4  7. Bd3  c5
8. Nge2  cxd4  9. Nxd4  Qh4
10. O-O  Bxc3  11. bxc3
Bd7  12. Be3  Nc6
13. f3  Ng5  14. Bxg5
Qxg5  15. Bxh7+  Kh8
16. f4  Qh6  17. Bd3
dxc4  18. Be4  f5
19. exf6  Rxf6  20. Nxc6
Bxc6  21. Bxc6  bxc6
22. Qe4  Raf8  23. g3
Rg6  24. Rad1  Qh5
25. Rd7  Rh6  26. Rd2
Qc5+  27. Qd4  Qd5
28. Qe3  Qa5  29. Rfd1
Rf5  30. Rd8+  Kh7
31. R8d2  Rd5  32. Qe4+
Kg8  33. Qxc4  Qb6+
34. Kg2  Rhh5  35. Qe4
Kf7  36. c4  Qb4
37. Qe2  Rxd2  38. Rxd2
Rc5  39. Rd4  Qc3
40. Re4  Qf6  41. Qd2
Qf5  42. Qe2  Ra5
43. Rd4  Qb1  44. Rd2
a6  45. Rb2  Qf5
46. Rb7+  Kg6  47. Rb6
Kf6  48. Rb7  Kg6
49. Rb6  Rxa2  50. Qxa2
Qe4+  51. Kh3  Qf5+
52. Kg2 1/2-1/2

[Event "MCR mladeze 2019 - H16"]
[Site "Kouty nad Desnou"]
[Date "2019.03.11"]
[Round "3"]
[White "Polansky, Adam Lubos"]
[Black "Volak, Simon"]
[Result "0-1"]
[WhiteElo "2018"]
[BlackElo "1843"]
[EventDate "2019.03.09"]

1. d4  Nf6  2. c4  e6
3. g3  d5  4. Nf3
Be7  5. Bg2  O-O
6. O-O  dxc4  7. Qc2
a6  8. a4  Bd7
9. Qxc4  Bc6  10. Bf4  Nd5
11. Nc3  Nxf4  12. gxf4
Bd5  13. Qd3  f5
14. Nxd5  exd5  15. Ne5
c6  16. Qb3  Ra7
17. Rac1  a5  18. Rc3
Na6  19. Rh3  Bf6
20. Kh1  Qe7  21. Qb6
Raa8  22. Qb3  Rad8
23. Qd3  g6  24. Rc1
c5  25. Qb5  cxd4
26. Bxd5+  Kg7  27. Qxb7
Rfe8  28. Qb5  Bxe5
29. fxe5  Nc7  30. Qxa5
Nxd5  31. Rc5  Qxe5
32. Qd2  f4  33. Rb3
Re7  34. Rbb5  Red7
35. f3  Qe3  0-1

[Event "MCR mladeze 2019 - H16"]
[Site "Kouty nad Desnou"]
[Date "2019.03.11"]
[Round "3"]
[White "Pavlicek, Lukas"]
[Black "Hofman, Krystof"]
[Result "0-1"]
[WhiteElo "2003"]
[BlackElo "2012"]
[EventDate "2019.03.09"]

1. e4  e5  2. Nf3  Nc6
3. Bc4  Nf6  4. d3
Be7  5. O-O  O-O
6. Re1  d6  7. c3
h6  8. Nbd2  Na5
9. Bb5  a6  10. Ba4
b5  11. Bc2 c5 12. d4  Qc7
13. Nf1  Bb7  14. d5
c4  15. Ng3  Bc8
16. h3  Nb7  17. Nh2
Nh7  18. Rf1  Bg5
19. Kh1  Qe7  20. Ng4
Bxc1  21. Rxc1  Qg5
22. Ne3  g6  23. Ne2
Qh4  24. Qe1  Bxh3
25. gxh3  Qxh3+  26. Kg1
Ng5  27. f3  Nxf3+
28. Rxf3  Qxf3  29. Qf2
Qxf2+  30. Kxf2  Nc5
31. Rg1  Kh7  32. Ng3
f6  33. Kf3  Rac8
34. Ng2  a5  35. a3
Na6  36. Nh4  b4
37. Nxg6  Kxg6  38. Nf5+
Kh7  39. Nxd6  Rg8
40. Rh1  Rb8  41. Nf5
Rg6  42. d6  bxc3
43. bxc3  Nc5  44. Rd1
Rd8  45. Rd5  Nb3
46. Ne7  Rg7  47. Nc6
Rdd7  48. Nb8  Rb7
49. d7  Rxb8  50. d8=Q
Rxd8  51. Rxd8  Rg1
52. Bxb3  cxb3  53. Rb8
a4  54. Rb4  h5
55. Rxa4  b2  0-1

[Event "MCR mladeze 2019 - H16"]
[Site "Kouty nad Desnou"]
[Date "2019.03.11"]
[Round "3"]
[White "Kucera, Tomas"]
[Black "Nytra, Ondrej"]
[Result "1-0"]
[WhiteElo "1904"]
[BlackElo "1998"]
[EventDate "2019.03.09"]

1. c4  e5  2. Nc3  Nf6
3. g3  d5  4. cxd5
Nxd5  5. Bg2  Nb6
6. Nf3  Nc6  7. O-O
Be7  8. Rb1  O-O
9. b4  Bf5  10. b5
Nd4  11. d3  Nxf3+
12. Bxf3  Rb8  13. Qc2
Bg6  14. a4  Kh8
15. a5  Nc4  16. Nd5
Nxa5  17. Bd2  b6
18. Nxe7  Qxe7  19. Bb4
Qd7  20. Bxf8  Rxf8
21. Rfc1  Rc8  22. Qc3
f6  23. Qb4  h6
24. Ra1  f5  25. Ra3  Be8
26. Qf8+  Kh7  27. Bc6
Qd6  28. Qxf5+  Bg6
29. Qxc8  Qxa3  30. Bd5
Qxc1+  31. Kg2  h5
32. Qg8+  Kh6  33. Qh8+
Bh7  34. Be4  Kg5
35. Qxg7+  1-0

[Event "MCR mladeze 2019 - H16"]
[Site "Kouty nad Desnou"]
[Date "2019.03.11"]
[Round "3"]
[White "Glozar, Petr"]
[Black "Travnicek, Krystof Mikulas"]
[Result "1/2-1/2"]
[WhiteElo "1883"]
[BlackElo "1968"]
[EventDate "2019.03.09"]

1. d4  Nf6  2. c4  g6
3. Nc3  d5  4. cxd5
Nxd5  5. e4  Nxc3
6. bxc3  Bg7  7. Nf3
c5  8. Rb1  O-O
9. Be2  b6  10. O-O  Qc7
11. Bb2  cxd4  12. cxd4
Rd8  13. Qb3  Nc6
14. Qc2  Qd6  15. e5
Qd7  16. Bb5  Bb7
17. Rbc1  Rac8  18. Qa4
a6  19. Bxc6  Bxc6
20. Qa3  Bh6  21. Rc3
Bb5  22. Rxc8  Rxc8
23. Re1  Bc4  1/2-1/2